Developerský projekt ako základný kameň realitného trhu diplomová práca

Saved in:
Bibliographic Details
Main Author: Meňhartová, Lea
Corporate Author: Fakulta podnikového manažmentu EU. Katedra podnikovohospodárska
Other Authors: Kardoš, Peter
Format: Book
Language:Slovak
Published: Bratislava 2013
Tags: Add Tag
No Tags, Be the first to tag this record!

MARC

LEADER 00000nbm a2200000 4500
001 0170909
005 20161109102418.2
041 0 |a slo 
044 |a SK 
245 1 0 |a Developerský projekt ako základný kameň realitného trhu  |b diplomová práca  |c Lea Meňhartová ; školiteľ: Peter Kardoš 
264 1 |a Bratislava  |c 2013 
300 |a 82 s. 
100 1 |a Meňhartová, Lea 
700 1 |a Kardoš, Peter 
710 2 |a Fakulta podnikového manažmentu EU. Katedra podnikovohospodárska